000 00615nam a22001817a 4500
005 20171017113956.0
010 _aENG-120771
020 _c115.00
035 _aEN-104303
037 _bDBAD/PUB
082 _a346.5491096
100 _aJhabvala,Noshirvan H.
245 _aThe negotible insruments act :
_cby Noshirvan H. Jhabvala
_bAct xxvi of 1881/
260 _aMumbai
_bC.Jamnada & Co.Educational & Law Publishers
_c2015
270 _aShoppe Link 2nd Floor Shop N0-20-21-22 Antop Hill Shekh Misry Road
_bMumbai
_e400037
300 _a155p.
_c28cm(pbk).
942 _2ddc
_cEN
_h346.5491096
_mJHA
999 _c146694
_d146694